|
|
|
|
| LEADER |
00000nam a2200000Ia 4500 |
| 008 |
170824b2002 cr ||||| |||| 00| | spa d |
| 999 |
|
|
|c 884
|d 884
|
| 020 |
|
|
|a 9968818143
|
| 090 |
|
|
|a 06.03.06
|b 423
|
| 100 |
1 |
|
|a Rodríguez Herrera, Olga María
|9 2601
|
| 245 |
1 |
0 |
|a Educación para los derechos humanos, para la democracia y para la paz /
|c Olga María Rodríguez Herrera
|
| 260 |
|
|
|a San José, Costa Rica :
|b CECC,
|c 2002
|
| 300 |
|
|
|a 109 páginas
|
| 490 |
|
|
|a Colección Pedagógica Formación Inicial de Docentes Centroamericanos de Educación Primaria o Básica,
|v 19
|
| 650 |
1 |
4 |
|a EDUCACIÓN PRIMARIA
|9 367
|
| 650 |
1 |
4 |
|a DERECHOS HUMANOS
|9 588
|
| 650 |
1 |
4 |
|a DEMOCRACIA
|9 589
|
| 650 |
1 |
4 |
|a EDUCACIÓN PARA LA PAZ
|9 726
|
| 650 |
1 |
4 |
|a DERECHOS DEL NIÑO
|9 570
|
| 651 |
|
4 |
|a AMÉRICA CENTRAL
|9 457
|
| 942 |
|
|
|i 00708
|h 06.03.06 423
|2 z
|c 01
|